Normal view
MARC view
- المحاكم الجنائية -- سوريا -- القانون الجنائي -- سوريا -- قانون الإجراءات الجنائية -- سوريا -- الدعاوى والبينات
Entry Topical Term
001 - CONTROL NUMBER
- control field: 34472
003 - CONTROL NUMBER IDENTIFIER
- control field: JO-AjAnu
005 - DATE AND TIME OF LATEST TRANSACTION
- control field: 20230606075756.0
008 - FIXED-LENGTH DATA ELEMENTS
- fixed length control field: 230606|| aca||aabn | a|a d
040 ## - CATALOGING SOURCE
- Original cataloging agency: JO-AjAnu
- Transcribing agency: JO-AjAnu
150 ## - HEADING--TOPICAL TERM
- Topical term or geographic name entry element: المحاكم الجنائية -- سوريا -- القانون الجنائي -- سوريا -- قانون الإجراءات الجنائية -- سوريا -- الدعاوى والبينات
670 ## - SOURCE DATA FOUND
- Source citation: Work cat.: (JO-AjAnu)17706: الآلوسي، عبد القادر جار الله, author 34471, الدعاوى التي ينظرها القضاء الجزائي : دعوى الحق العام ودعوى الحق الشخصي